Students Solutions manual to accompany Nakos and Joyner's Linear algebra with applications / (Record no. 14900)

MARC details
000 -LEADER
fixed length control field 00885cam a2200241 a 4500
001 - CONTROL NUMBER
control field 12418015
003 - CONTROL NUMBER IDENTIFIER
control field mut
005 - DATE AND TIME OF LATEST TRANSACTION
control field 20240606081323.0
008 - FIXED-LENGTH DATA ELEMENTS--GENERAL INFORMATION
fixed length control field 010523s2002 njua b 001 0 eng
010 ## - LIBRARY OF CONGRESS CONTROL NUMBER
LC control number 2001040036
020 ## - INTERNATIONAL STANDARD BOOK NUMBER
International Standard Book Number 0534955290
040 ## - CATALOGING SOURCE
Original cataloging agency DLC
Transcribing agency MUT
Modifying agency DLC
050 00 - LIBRARY OF CONGRESS CALL NUMBER
Classification number QA184.2
Item number .N35 1998
082 00 - DEWEY DECIMAL CLASSIFICATION NUMBER
Classification number 512/.5
Edition information 21
100 1# - MAIN ENTRY--PERSONAL NAME
Personal name Nakos,George
245 10 - TITLE STATEMENT
Title Students Solutions manual to accompany Nakos and Joyner's Linear algebra with applications /
260 ## - PUBLICATION, DISTRIBUTION, ETC.
Place of publication, distribution, etc. Pacific Grove,CA:
Name of publisher, distributor, etc. Brooks/Cole,
Date of publication, distribution, etc. c1998.
300 ## - PHYSICAL DESCRIPTION
Extent xv, 544 p. :
Other physical details ill. (some col.) ;
Dimensions 25 cm.
650 #0 - SUBJECT ADDED ENTRY--TOPICAL TERM
Topical term or geographic name entry element Algebras, Linear.
906 ## - LOCAL DATA ELEMENT F, LDF (RLIN)
a 7
b cbc
c orignew
d 1
e ocip
f 20
g y-gencatlg
942 ## - ADDED ENTRY ELEMENTS (KOHA)
Source of classification or shelving scheme Library of Congress Classification
Koha item type Books
Holdings
Withdrawn status Lost status Source of classification or shelving scheme Damaged status Not for loan Home library Current library Shelving location Date acquired Source of acquisition Total checkouts Full call number Barcode Date last seen Price effective from Koha item type
    Library of Congress Classification     Murang'a University of Technology Library Murang'a University of Technology Library General stacks 05/12/2017 Donation-TFC   QA 184.2 .N35 1998 016589 05/12/2017 05/12/2017 Books